| 000 | 00938nam a22002777a 4500 | ||
|---|---|---|---|
| 003 | PE SENCICO BE | ||
| 005 | 20251020182626.0 | ||
| 008 | 230206b |||||||| |||| 00| 0 eng d | ||
| 020 | _a978-612-317-297-8 | ||
| 040 |
_aPE SENCICO BE _cPE SENCICO BE |
||
| 041 | _aspa | ||
| 082 |
_a624.1834 _bH22 _c2017 |
||
| 100 | 1 |
_9591 _aHarmsen, Teodoro E. _eautor |
|
| 245 | 1 |
_aDiseño de estructuras de concreto armado / _cTeodoro E. Harmsen |
|
| 250 | _a5a ed. | ||
| 260 |
_aLima : _bPontificia Universidad Católica del Perú, _bTarea Asociación Gráfica Educativa, _c2017 |
||
| 300 |
_a[18], 965 p. : _bdiagrs., _c24 cm. |
||
| 650 | 1 | 4 |
_9550 _aConcreto armado |
| 650 | 2 | 4 |
_916 _aDiseño de estructuras |
| 650 | 2 | 4 |
_9179 _aIngeniería de estructuras |
| 650 | 2 | 0 |
_aColumnas de concreto _9574 |
| 650 | 2 | 4 |
_9571 _aVigas |
| 650 | 2 | 4 |
_9566 _aTorsión |
| 910 |
_bhfp _chfp |
||
| 942 |
_2ddc _cLIB _e2017 _h624.1834 _iH22 |
||
| 999 |
_c3818 _d3818 |
||